Sicherste Länder laut dem Gay Travel Index mit Ausnahmen - Statistiken

Allgemein
  • Dieses Quiz wurde 92 mal gespielt
    20 seit der letzten Aktualisierung
  • Das Durchschnittsergebnis liegt bei 7 aus 13
Antwortstatistiken
Punkte Land % Korrekt
10 Australien
90%
11 Neuseeland
90%
12 Kanada
80%
10 Chile
70%
6 Argentinien
60%
6 Brasilien
55%
9 Kuba
55%
9 Kolumbien
45%
10 Uruguay
45%
6 Mexiko
40%
8 Taiwan
35%
7 Indien
15%
6 Nepal
15%
Keine übereinstimmenden Quizze gefunden
Verteilung der Resultate
Anzahl Personen mit jedem Resultat
Perzentil nach korrekt beantworteten Fragen
Ihre Resultats-Entwicklung
Sie haben dieses Quiz seit der letzten Aktualisierung nicht gespielt